chiefs 2026-2027 roster after round 1 of then NFL draft - Statistics

General Stats
  • This quiz has been taken 42 times
  • The average score is 16 of 41
Answer Stats
Hint Answer % Correct
QB Patrick Mahomes
97%
RB Kenneth Walker
93%
WR Rashee Rice
86%
RG Trey Smith
83%
WR Xavier Worthy
83%
DT Chris Jones
76%
TE Travis Kelce
76%
C Creed Humphrey
66%
QB Justin Fields
66%
CB Mansoor Delane
66%
K Harrison Butker
62%
MLB Nick Bolton
62%
HC Andy Reid
55%
LT Josh simmons
55%
TE Noah Gray
52%
O Clark Hunt
45%
LE George Karlaftis
45%
LG Kingsley Suamataia
38%
CB Nohl Williams
38%
WR Tyquan Thornton
34%
ROLB Drue Tranquill
31%
FS Jaden Hicks
28%
RT Jaylon Moore
28%
DT Peter Woods
24%
CB Kristian Fulton
21%
WR Nikko Remigio
21%
KR Nikko Remigio
21%
SS Chamarri Conner
17%
OC Eric Bieniemy
14%
RE Felix Anudike-Uzomah
14%
CB Kader Kohou
14%
LE Ashton Gillotte
10%
PR Brashard Smith
10%
MLB Jack Cochrane
10%
LS James Winchester
10%
FS Alohi Gilman
7%
RB Emari Demercado
7%
P Matt Araiza
7%
DC Steve Spagnuolo
7%
LOLB Cole Christiansen
3%
DT Khyiris Tonga
3%
No matching quizzes found
Score Distribution
Percent of People with Each Score
Percentile by Number Answered
Your Score History
You have not taken this quiz